Ladies of the leisure class : the bourgeoises of northern France in the nineteenth century

Αποθηκεύτηκε σε:
Λεπτομέρειες βιβλιογραφικής εγγραφής
Κύριος συγγραφέας: Smith, Bonnie G. 1940-
Μορφή: Βιβλίο
Γλώσσα:English
Δημοσίευση: Princeton, N.J. : Princeton University Press, c1981
Θέματα:
Ετικέτες: Προσθήκη ετικέτας
Δεν υπάρχουν, Καταχωρήστε ετικέτα πρώτοι!

MARC

LEADER 00000nam a2200000 i 4500
001 1/46185
008 031216s1981 eng d
020 |a 0-691-10121-3 
035 |l 10071856 
040 |a GR-MY-UA  |b gre  |e aacr 
041 0 |a eng 
082 0 |a 305.40944  |2 (21) 
100 1 |a Smith, Bonnie G.  |d 1940- 
245 1 0 |a Ladies of the leisure class :  |b the bourgeoises of northern France in the nineteenth century /  |c Bonnie G. Smith 
260 |a Princeton, N.J. :   |b Princeton University Press,   |c c1981 
300 |a x, 303 σ.;  |b εικ.;  |c 21 εκ. 
504 |a Περιέχει βιβλιογραφία και ευρετήριο 
650 0 0 |a Middle class women  |z France, Northern  |x History  |y 19th century. 
650 0 0 |a Middle class  |z France, Northern  |x History  |y 19th century. 
650 0 0 |a Women  |z France  |x History  |y 19th century. 
852 |a INST  |b LESVOS  |e 20031216  |h 305.40944 SMI  |p 005100030918  |q 005100030918  |t BK  |y 0 
901 |a BIBL1-2003-3 
909 |a Λ  |b 107698 
922 |a 1ΕΛΗ  |b 200312  |c ΕΠΕΑΕΚ2/ΤΚΑ  |d ΜΙΧΑΛΟΠΟΥΛΟΣ 
950 |a 117-2003-09-05 
970 |a ΧΡΙΣΤΟΦΑ  |b ΝΙΚΗ  |z 2003/12/16